[Event "Zuerich op-A 13th"]
[Site "Zuerich"]
[Date "1989.??.??"]
[Round "?"]
[White "Schienmann, Bruno"]
[Black "Horvath, Miklos"]
[Result "1-0"]
[WhiteElo "2245"]
[BlackElo "2255"]
[PlyCount "71"]
[EventDate "1989.12.26"]
[EventType "swiss"]
[EventRounds "7"]
[EventCountry "SUI"]
[SourceTitle "EXT 1997"]
[Source "ChessBase"]
[SourceDate "1996.11.15"]
[SourceVersion "1"]
[SourceVersionDate "1996.11.15"]
[SourceQuality "1"]

1. d4 e6 2. c4 f5 3. g3 Nf6 4. Bg2 c6 5. Nf3 d5 6. Nbd2 Bd6 7. 0-0 0-0 8. Qc2 Bd7 9. Ne5 Bxe5 10. dxe5 Ne4 11. Nxe4 fxe4 12. b3 Qe7 13. Be3 Na6 14. Rad1 Be8 15. f3 exf3 16. exf3 Bg6 17. Qb2 b6 18. Rd2 Rac8 19. a3 Nc5 20. b4 Nd7 21. Rfd1 Rf5 22. f4 Bh5 23. Rc1 Rff8 24. Rdc2 Bg6 25. cxd5 Bxc2 26. d6 Qf7 27. Qxc2 g5 28. Bxc6 gxf4 29. gxf4 Kh8 30. Qe4 Rg8+ 31. Kh1 Rg4 32. Qf3 Rh4 33. Rg1 Rf8 34. Qg3 Rh5 35. Bf3 Rxe5 36. Bd4 1-0